| 000 | 00872nam a22002177a 4500 | ||
|---|---|---|---|
| 001 | BD-DhSAU 4331 | ||
| 003 | BD-DhSAU | ||
| 005 | 20150216132718.0 | ||
| 008 | 150129b1987 bg a||||r|||| 000 0 ben d | ||
| 040 | _aBD-DhSAU | ||
| 082 |
_222 _a৫৯৭.৯৫৪৯২ _bখানবা |
||
| 100 | _aখান, মোঃ আলী রেজা | ||
| 245 |
_aবাংলাদেশের বন্যপ্রাণী ৩য় খন্ড / _cমোঃ আলী রেজা খান |
||
| 260 |
_aঢাকা : _bবাংলা একাডেমী , _c১৯৮৭. |
||
| 300 |
_a১৬৮ পৃ. : _bচিত্র ; _c২৪ সেমি। |
||
| 504 | _aগ্রন্থপঞ্জী। | ||
| 590 | _aerfat | ||
| 650 | _aপশুপালন। | ||
| 650 | _aAnimal husbandry. | ||
| 650 |
_aবন্যপ্রাণী। _zবাংলাদেশ। |
||
| 942 |
_2ddc _cBOOK |
||
| 999 |
_c4331 _d4331 |
||